000 00502nam a2200193Ia 4500
008 210210b2012 xxu||||| |||| 00| 0 eng d
020 _a9789381141861
041 _aeng
082 _a658.8 RAMM
100 _aRAMESH (S)
245 _aMarketing management
260 _aNew Delhi
_bI K International Publishing House Pvt. Ltd.
_c2012
300 _axv,766
650 _aMarketing
650 _amanagement
690 _aMarketing Management
700 _aPRASAD (C S Jayanthi)
906 _a066795
999 _c149238
_d149238